000 00464ntaaa2200181 4500
003 01
005 20251027201256.0
008 0714s1973 ag 01
040 _aAR-BaBN
_bspa
_cAR-BaBN
_eaacr
_dRIC
082 _a221.0000 P83
100 _aPorter, Eliot
_910937
245 _aCuadros luminosos del Antiguo Testamento
250 _a1 ed. :
_bAurora,
_c1945
300 _a86 p.
650 _aBiblia-Antiguo Testamento
700 _aZóttele, P.
_910938
942 _cBK
999 _c7151
_d7151